A Christmas Carol - Statistics

General Stats
  • This quiz has been taken 99 times
  • The average score is 6 of 14
Answer Stats
Hint Answer % Correct
His former business partner Jacob Marley
92%
Who is the clerk's youngest son? Tiny Tim
81%
And the name of his nephew? Fred
64%
And the name of his fiancée? Belle
58%
The name of Scrooge's sister and mother to his nephew? Fan
53%
What is the final spirit to visit Scrooge? The Ghost of Christmas Future
53%
God bless us........... Everyone
51%
Scrooge's forename Ebeneezer
45%
Who did Scrooge get apprenticed to? Fezziwig
43%
What is the name of Scrooge's clerk? Bob Crachit
30%
Who buys some of Scrooge's belongings? Old Joe
16%
What drink do Scrooge and his clerk share at the end? Bishop
3%
Where does the Ghost of Christmas Past first take Scrooge? His former school
3%
What does the final spirit show Scrooge that terrifies him? His headstone
3%
No matching quizzes found
Score Distribution
Percent of People with Each Score
Percentile by Number Answered
Your Score History
You have not taken this quiz